000 00415nam a22001577a 4500
999 _c3629
_d3629
008 200623b ||||| |||| 00| 0 eng d
082 0 0 _a623.824
_bA764
100 _92993
_aArnott, David.
245 1 0 _aDesign and construction of steel merchant ships
_cby David. Arnott
250 _a1st ed.
260 _aNew York
_bSNAME
_c1955
300 _a494p.
365 _d81.64
650 0 _aNaval Architecture
942 _cBK